|
|
|
|
| LEADER |
01008nam a2200349 4500 |
| 001 |
DLU090065312 |
| 005 |
##20090319 |
| 040 |
# |
# |
|a DLU
|b vie
|
| 041 |
# |
# |
|a vie
|
| 044 |
# |
# |
|a vn
|
| 082 |
# |
# |
|a 895.922 809
|b Phan
|
| 245 |
# |
# |
|a Phan Châu Trinh - Về tác gia và tác phẩm /
|c Chương Thâu, Trần Hải Yến tuyển chọn và giới thiệu.
|
| 260 |
# |
# |
|a H. :
|b Giáo dục,
|c 2007.
|
| 300 |
# |
# |
|a 575 tr. ;
|c 24 cm.
|
| 504 |
# |
# |
|a Tài liệu tham khảo: tr.566.
|
| 653 |
# |
# |
|a Chân dung văn học
|
| 653 |
# |
# |
|a Nghiên cứu văn học
|
| 653 |
# |
# |
|a Phan Châu Trinh,1872-1926
|
| 653 |
# |
# |
|a Văn học yêu nước
|
| 700 |
# |
# |
|a Chương Thâu,
|e chọn và giới thiệu.
|
| 700 |
# |
# |
|a Trần Hải Yến,
|e tuyển chọn và giới thiệu.
|
| 923 |
# |
# |
|a 22/2008
|
| 991 |
# |
# |
|a SH
|
| 992 |
# |
# |
|a 132000
|
| 994 |
# |
# |
|a DLU
|
| 900 |
# |
# |
|a True
|
| 911 |
# |
# |
|a Đào Thị Thu Huyền
|
| 925 |
# |
# |
|a G
|
| 926 |
# |
# |
|a A
|
| 927 |
# |
# |
|a SH
|
| 980 |
# |
# |
|a Thư viện Trường Đại học Đà Lạt
|